Will Arnett Filmography - Statistics

General Stats
  • This quiz has been taken 59 times
    15 since last reset
  • The average score is 14 of 182
Answer Stats
Type Year Name % Correct
Film 2017 The LEGO Batman Movie
80%
Film 2014 The LEGO Movie
80%
Film 2019 The LEGO Movie 2: The Second Part
80%
TV Show 2003-2006, 2013, 2018-2019 Arrested Development
70%
Web Series 2014-2020 BoJack Horseman
60%
TV Show 2011 Saturday Night Live
60%
Film 2007 Ratatouille
50%
TV Show 2007-2013 30 Rock
40%
Film 2010 Despicable Me
40%
Film 2009 G-Force
30%
Film 2008 Horton Hears a Who!
30%
Film 2025 Is This Thing On?
30%
TV Show 2002 Law & Order: Special Victims Unit
30%
Video Game 2015 LEGO Dimensions
30%
TV Show 2020-2025 LEGO Masters
30%
Film | Video Game 2009 Monsters vs. Aliens
30%
TV Show 2010 Parks and Recreation
30%
Film 2014 Teenage Mutant Ninja Turtles
30%
Film 2016 Teenage Mutant Ninja Turtles: Out of the Shadows
30%
TV Show 2011 The Office
30%
TV Show 2014 The Simpsons
30%
Film 2007 Blades of Glory
20%
TV Show 2005 Danny Phantom
20%
Film 2007 Grindhouse
20%
Film 2012 Men in Black 3
20%
Web Series 2022 Murderville
20%
Commercial 2018-Present Reese's
20%
Podcast 2020-Present SmartLess
20%
TV Show 2013-2015 The Millers
20%
Film 2014 The Nut Job
20%
Film 2017 The Nut Job 2: Nutty by Nature
20%
Web Series 2023-Present Twisted Metal
20%
TV Show 2001 Boston Public
10%
Video Game 2009 Call of Duty: Modern Warfare 2
10%
Short Film 2007 Don't
10%
Web Series 2016-2017 Flaked
10%
Film 2007 Hot Rod
10%
Film 2006 Ice Age: The Meltdown
10%
Documentary Series 2022 Island of the Sea Wolves
10%
Film 2010 Jonah Hex
10%
Web Series 2017 Lemony Snicket's A Series of Unfortunate Events
10%
Film 2006 Let's Go to Prison
10%
TV Show 2015 Lip Sync Battle
10%
TV Special 2021 Live in Front of a Studio Audience
10%
TV Show 2005 MADtv
10%
Film 2005 Monster-in-Law
10%
Web Special 2017 Netflix: LIVE
10%
Film 2023 Next Goal Wins
10%
TV Show 2019 Riviera
10%
Film 2006 RV
10%
TV Show 1999 Sex and the City
10%
Film 2018 Teen Titans Go! To the Movies
10%
TV Show 2015 The Late Late Show
10%
TV Show 2002 The Sopranos
10%
TV Show 2011-2012 Up All Night
10%
TV Show 2004 Will & Grace
10%
TV Special 2009 6 Beers of Separation
0%
Documentary Series 2021 All or Nothing: Toronto Maple Leafs
0%
TV Short 2006 All-Star American Destiny Trek
0%
Web Series 2011 Always Open
0%
Podcast 2022 Back of the Net: 2022 World Cup
0%
Web Series 2016 Bad Internet
0%
Short Film 2008 Bang Blow & Stroke
0%
Commercial 2014 Bank of America
0%
Short Film 2017 Batman Is Just Not That Into You
0%
Short Film 2017 Batmersive VR Experience
0%
Documentary 2015 Being Canadian
0%
Commercial 2013 Best Buy
0%
TV Special 2020 Best Wishes, Warmest Regards: A Schitt's Creek Farewell
0%
Short Film 2009 B.O.B.'s Big Break
0%
Film 2009 Brief Interviews with Hideous Men
0%
TV Special 2010 Canada for Haiti
0%
TV Special 2016 Channel 4's Comedy Gala
0%
Film 2022 Chip 'n Dale: Rescue Rangers
0%
TV Show 2014 Circus Halligalli
0%
Film 1996 Close Up
0%
TV Show 2012 Comedy Bang! Bang!
0%
TV Show 2009 Comedy Showcase
0%
TV Show 2016 Conan
0%
Short Film 2017 Cooking with Alfred
0%
TV Film 2022 Cursed Friends
0%
Short Film 2017 Dark Hoser
0%
Web Special 2020 DC Fandome
0%
TV Show 2009 Delocated
0%
Short Film 2004 Despacito
0%
Film 2020 Dolittle
0%
Video Game 2009 Eat Lead: The Return of Matt Hazard
0%
Film 1996 Ed's Next Move
0%
Short Film 2018 Emmet's Holiday Party
0%
TV Film 2009 Eva Adams
0%
Music Video 2011 Fight for Your Right Revisited
0%
TV Show 2006 Freak Show
0%
TV Show 2020 Full Frontal with Samantha Bee
0%
Web Series 2015 Game Chat
0%
Film 2007 Girl Missing
0%
Commercial 2017-Present GMC
0%
TV Show 2015 Hollywood Game Night
0%
TV Show 2017 Hot Date
0%
Commercial 2012 Hulu Plus
0%
TV Show 2007, 2008 Human Giant
0%
TV Show 2017 Jimmy Kimmel Live!
0%
Short Documentary 2020 Joker: Put On a Happy Face
0%
TV Show 2007 King of the Hill
0%
Commercial 2004-2010 Lamisil
0%
TV Show 2017 Last Week Tonight with John Oliver
0%
TV Show 2011 Late Night with Jimmy Fallon
0%
TV Show 2022-2024 LEGO Masters: Celebrity Holiday Bricktacular
0%
TV Film 2001 Loomis
0%
Music Video 2011 Make Some Noise
0%
Documentary 2012 Mansome
0%
Web Series 2020 Memory Hole
0%
Film 2022 Minions: The Rise of Gru
0%
Documentary 2013 Mistaken for Strangers
0%
TV Short 2009 Monsters vs. Aliens: Mutant Pumpkins from Outer Space
0%
Web Series 2023, 2024 Mulligan
0%
Web Special 2021 Muppets Haunted Mansion
0%
TV Special 2016 Must See TV: A Tribute to James Burrows
0%
TV Special 2006, 2008 Night of Too Many Stars: An Overbooked Concert for Autism Education
0%
TV Show 2005 Odd Job Jack
0%
TV Show 2006 O'Grady
0%
Film 2007 On Broadway
0%
Web Series 2022 Our Flag Means Death
0%
Film 2016 Popstar: Never Stop Never Stopping
0%
Documentary 2012 Pretty Sweet
0%
Web Series 2020 Rebrickulous
0%
Film 2021 Rumble
0%
TV Show 2010-2011 Running Wilde
0%
Film 2008 Semi-Pro
0%
Film 2001 Series 7: The Contenders
0%
TV Show 2008 Sesame Street
0%
Film 2012 Sesame Street: Elmo's Magic Numbers
0%
Film 2018 Show Dogs
0%
TV Show 2009 Sit Down, Shut Up
0%
Documentary Mini-Series 2023 SmartLess: On the Road
0%
TV Show 2023 Snake Oil
0%
TV Film 2004 Soundtracks Live
0%
Film 1999 Southie
0%
Film 2009 Spring Breakdown
0%
Web Special 2017 Stand for Rights
0%
Short Film 2024 Supercell's Squad Busters: Squad Up!
0%
Web Series 2025 Super Team Canada
0%
TV Show 2013 Survivor
0%
Film 2000 The Acting Class
0%
Documentary 2013 The Arrested Development Documentary Project
0%
Film 1998 The Broken Giant
0%
Film 2007 The Brothers Solomon
0%
TV Show 2021 The Choe Show
0%
TV Show 2012 The Cleveland Show
0%
Film 2007 The Comebacks
0%
TV Show 2020 The First Team
0%
TV Show 2017-2018 The Gong Show
0%
TV Show 2023 The Grandstand with Daniel Ricciardo and Will Arnett
0%
Film 2005 The Great New Wonderful
0%
TV Show 2018 The Guest Book
0%
TV Show 2009-2016 The Increasingly Poor Decisions of Todd Margaret
0%
Web Series 2017 The Magic School Bus Rides Again
0%
TV Show 2021 The Masked Dancer
0%
TV Show 2020, 2022 The Masked Singer
0%
TV Show 2009 The Mighty B!
0%
TV Show 1999 The Mike O'Malley Show
0%
Web Series 2021, 2023 The Morning Show
0%
Film 2008 The Rocker
0%
Film 2012 The Secret World of Arrietty
0%
Documentary 2025 The Sexiest Man in Winnipeg
0%
TV Short 2016 The Toycracker: A Mini-Musical Spectacular
0%
Documentary 2024 The Tragically Hip: No Dress Rehearsal
0%
Film 1999 The Waiting Game
0%
TV Show 2006 The X's
0%
TV Show 2000 Third Watch
0%
Video Game 2022 Tiny Tina's Wonderlands
0%
Web Series 2016 Unbreakable Kimmy Schmidt
0%
TV Film 2003 Undefeated
0%
TV Show 2019 Unikitty!
0%
TV Show 2014 Wander Over Yonder
0%
TV Show 2014 Wanna Bet?
0%
Short Film 1998 Weekend Getaway
0%
Film 2010 When in Rome
0%
Web Special 2022 Who Killed Santa? A Murderville Murder Mystery
0%
Documentary 1995 Woodstock '94
0%
Film 2006 Wristcutters: A Love Story
0%
TV Show 2002 Yes, Dear
0%
No matching quizzes found
Score Distribution
Percent of People with Each Score
Percentile by Number Answered
Your Score History
You have not taken this quiz since the last reset